00643nam a2200217Ia 4500008004000000020001500040041000800055082001300063100002100076245003100097260004500128300001200173650001500185650001100200650001000211690001000221700001900231906001100250999001900261952014500280210210b2012 xxu||||| |||| 00| 0 eng d a0199466505 aeng a598 RAHT aRAHMANI (Asad R) aThreatened birds of Odisha aNew YorkbOxford University Pressc2012 axii,180 aThreatened aodisha abirds aBirds aNAIR (Manoj V) a071900 c121585d121585 001040708ZoologyaALbALcZoologyd2021-02-17eIntact Bookhouse Pvt Ltdg300.00l0o598 RAHTp071900r2021-02-17 00:00:00w2021-02-17yBK